| 000 | 00590nam a2200205Ia 4500 | ||
|---|---|---|---|
| 005 | 20241129110248.0 | ||
| 008 | 241129s9999||||xx |||||||||||||| ||und|| | ||
| 037 | _aTB | ||
| 040 |
_aARTS _beng _cARTS |
||
| 041 |
_aeng _2urd |
||
| 084 |
_aO168,3(Y15)w Q9 _qARTS |
||
| 100 |
_aKishwar Naheed Au. _9727616 |
||
| 245 | 0 |
_aKhawateen afsana nigar _cKishwar Naheed Au. |
|
| 260 |
_aDelhi, India _bM. R. Publications _c2016 |
||
| 300 | _a206p. | ||
| 365 |
_aINR _b395 |
||
| 650 |
_aUrdu FictionSociologyWomen _9727617 |
||
| 942 |
_cTB _hO168,3(Y15)w Q9 |
||
| 999 |
_c1227940 _d1227940 |
||